Technické vzorce

Gespeichert in:
Bibliographische Detailangaben
1. Verfasser: Walther, Eduard
Format: Buch
Sprache:Slowakisch
Veröffentlicht: Bratislava Alfa 1987
Ausgabe:2. vyd.
Schriftenreihe:Edícia strojárskej literatúry
Tags: Tag hinzufügen
Keine Tags, Fügen Sie das erste Tag hinzu!

MARC

LEADER 00000nam a2200000 4500
001 c023589
005 20250522124058.1
041 0 |a slo 
044 |a SK 
245 1 0 |a Technické vzorce  |c Eduard Walther a kol. 
250 |a 2. vyd. 
264 1 |a Bratislava  |b Alfa  |c 1987 
300 |a 431 s.  |e 3 tab. príl. 
490 1 |a Edícia strojárskej literatúry 
830 0 |a Edícia strojárskej literatúry 
100 1 |a Walther, Eduard